000 01015nac a22002777a 4500
001 BR8001601
003 BR-BrBNA
005 20240105114626.0
008 230509b bl.|||m| |||| 00| 0 por d
040 _aBR-BrBNA
_bpor
_cBiblioteca Nacional de Agricultura
072 _aE30; C00
090 _aE30 BR8001601
110 1 _aUniversidade Federal do Ceara, Fortaleza (Brasil). Centro de Ciencias Agrarias. Depto. de Economia Agricola
245 1 _aRelatorio do Departamento de Economia Agricola 1979 [Administracao agricola; Ceara; Brasil]
260 3 _aFortaleza, CE (Brasil):
_cJan 1980.
300 _a22 p.
490 _aRelatorio - Universidade Federal do Ceara. Centro de Ciencias Agrarias. Depto. de Economia Agricola (Brazil)
_v
_x
500 _aNumerical data
650 _aDesenvolvimento agricola
650 _aEnsino agricola
650 _aEconomia agricola
650 _aPrograma de pesquisa
650 _aCeara
909 _a202312
_bLúcia Elande
_c55
_dLúcia Elande
942 _2AGRIS
_n0
_cMS
999 _c270409
_d270409